Introduction to information technology (Record no. 1089)

MARC details
000 -LEADER
Fixed length control field 00375nam a2200157 4500
003 - CONTROL NUMBER IDENTIFIER
Control field SEACOMEC
005 - DATE AND TIME OF LATEST TRANSACTION
Control field 20240514153036.0
008 - FIXED-LENGTH DATA ELEMENTS--GENERAL INFORMATION
Fixed length control field 240514b |||||||| |||| 00| 0 eng d
020 ## - INTERNATIONAL STANDARD BOOK NUMBER / ISBN
Price 275.00
040 ## - CATALOGING SOURCE
Original cataloging agency SEACOMEC
082 ## - DEWEY DECIMAL CLASSIFICATION NUMBER
Classification number 004.01
Book Number I61
110 ## - AIN ENTRY--CORPORATE NAME
Corporate name ITL Education
245 ## - TITLE STATEMENT
Title Introduction to information technology
260 ## - IMPRINT
Place of publication Delhi
Name of publisher Person
Date of publication 2006
942 ## - ADDED ENTRY ELEMENTS (KOHA)
Koha item type Books
Holdings
Withdrawn status Lost status Source of classification Damaged status Not for loan Home library Current library Date acquired Total Checkouts Call number Accession number Date last seen Price effective from Koha item type
    Dewey Decimal Classification     SEACOM ENGINEERING COLLEGE SEACOM ENGINEERING COLLEGE 14/05/2024   004.01 I61 5434 14/05/2024 14/05/2024 Books
© Seacom Engineering College, All rights reserved.      Powered by Koha